[Event "Polanica Zdroj op-B"]
[Site "Polanica Zdroj"]
[Date "1999.??.??"]
[Round "10"]
[White "Zakonnik, Andrzej"]
[Black "Krupa, Monika"]
[Result "0-1"]
[WhiteElo "2164"]
[BlackElo "2210"]
[PlyCount "50"]
[EventDate "1999.??.??"]
[EventType "swiss"]
[EventRounds "10"]
[EventCountry "POL"]
[SourceTitle "EXT 2001"]
[Source "ChessBase"]
[SourceDate "2000.11.22"]
[SourceVersion "1"]
[SourceVersionDate "2000.11.22"]
[SourceQuality "1"]

1. e4 c5 2. Nf3 Nc6 3. c3 d5 4. exd5 Qxd5 5. d4 Bg4 6. Be2 e6 7. Na3 Nf6 8. h3 Bh5 9. 0-0 Rd8 10. Nb5 Qd7 11. Bf4 Nd5 12. Bg5 Be7 13. Bxe7 Qxe7 14. Ne5 Nxe5 15. Bxh5 Nf4 16. Re1 Qg5 17. Bg4 Ned3 18. Re3 h5 19. g3 hxg4 20. gxf4 Nxf4 21. Rg3 Nxh3+ 22. Kf1 Nf4 23. Rg1 g3 24. fxg3 Rh2 25. Qc1 Nd3 0-1

[Event "POL-ch U18"]
[Site "Krynica"]
[Date "1998.??.??"]
[Round "?"]
[White "Cyborowski, Lukasz"]
[Black "Zakonnik, Andrzej"]
[Result "1/2-1/2"]
[WhiteElo "2425"]
[BlackElo "2095"]
[PlyCount "66"]
[EventDate "1998.??.??"]
[EventType "swiss"]
[EventRounds "11"]
[EventCountry "POL"]
[SourceTitle "EXT 2002"]
[Source "ChessBase"]
[SourceDate "2001.11.25"]
[SourceVersion "1"]
[SourceVersionDate "2001.11.25"]
[SourceQuality "1"]

1. c4 Nf6 2. g3 g6 3. Bg2 Bg7 4. Nc3 d6 5. Nf3 Nbd7 6. 0-0 0-0 7. Rb1 e5 8. d3 a5 9. a3 c6 10. Bg5 h6 11. Bxf6 Qxf6 12. b4 axb4 13. axb4 Qe7 14. Qb3 Kh7 15. Nd2 f5 16. Qc2 Nf6 17. b5 Qc7 18. Qb3 Be6 19. bxc6 bxc6 20. Qb6 Rac8 21. Qa6 Nd7 22. Rb7 Qd8 23. Na4 Qf6 24. Ra7 d5 25. Rc1 e4 26. cxd5 Nb8 27. Qb6 cxd5 28. Rxc8 Rxc8 29. Nc5 Nc6 30. Ra6 Nd8 31. Nxe6 Rc6 32. Qb3 Qxe6 33. Rxc6 Qxc6 1/2-1/2

[Event "POL-ch U18"]
[Site "Krynica"]
[Date "1998.??.??"]
[Round "?"]
[White "Najbar, Marcin"]
[Black "Zakonnik, Andrzej"]
[Result "1/2-1/2"]
[WhiteElo "2140"]
[BlackElo "2095"]
[PlyCount "83"]
[EventDate "1998.??.??"]
[EventType "swiss"]
[EventRounds "11"]
[EventCountry "POL"]
[SourceTitle "EXT 2002"]
[Source "ChessBase"]
[SourceDate "2001.11.25"]
[SourceVersion "1"]
[SourceVersionDate "2001.11.25"]
[SourceQuality "1"]

1. e4 c5 2. Nf3 Nc6 3. d4 cxd4 4. Nxd4 Nf6 5. Nc3 e5 6. Ndb5 d6 7. Bg5 a6 8. Na3 b5 9. Nd5 Be7 10. Bxf6 Bxf6 11. c3 0-0 12. Be2 Rb8 13. Nc2 Bg5 14. 0-0 a5 15. a3 Ne7 16. Nce3 Bxe3 17. Nxe3 Be6 18. Bg4 Qd7 19. Bxe6 Qxe6 20. Qd2 f5 21. exf5 Nxf5 22. Nxf5 Rxf5 23. Rad1 Rf6 24. Qe3 Qb3 25. Qa7 Rbf8 26. Rd2 a4 27. Qb7 Kh8 28. f3 Qc4 29. Re1 Qf4 30. Rf2 Rh6 31. h3 Qg5 32. Qd7 Rd8 33. Qg4 Qe7 34. Rd2 d5 35. Qg3 Re6 36. Red1 Qc5+ 37. Qf2 Qc6 38. Qh4 Ree8 39. Kh1 h6 40. Qh5 Re7 41. Qf5 Kg8 42. Qh5 1/2-1/2

[Event "POL-ch U18"]
[Site "Krynica"]
[Date "1998.??.??"]
[Round "?"]
[White "Rosenbeiger, Alan"]
[Black "Zakonnik, Andrzej"]
[Result "1/2-1/2"]
[WhiteElo "2135"]
[BlackElo "2095"]
[PlyCount "24"]
[EventDate "1998.??.??"]
[EventType "swiss"]
[EventRounds "11"]
[EventCountry "POL"]
[SourceTitle "EXT 2002"]
[Source "ChessBase"]
[SourceDate "2001.11.25"]
[SourceVersion "1"]
[SourceVersionDate "2001.11.25"]
[SourceQuality "1"]

1. d4 Nf6 2. c4 g6 3. Nc3 Bg7 4. e4 d6 5. h3 0-0 6. Bg5 a6 7. Nf3 c5 8. dxc5 Qa5 9. Nd2 Qxc5 10. Be3 Qc7 11. Be2 Nbd7 12. 0-0 b6 1/2-1/2

[Event "POL-ch U18"]
[Site "Krynica"]
[Date "1998.??.??"]
[Round "?"]
[White "Zakonnik, Andrzej"]
[Black "Jedryczka, Krystian"]
[Result "1/2-1/2"]
[WhiteElo "2095"]
[BlackElo "2440"]
[PlyCount "83"]
[EventDate "1998.??.??"]
[EventType "swiss"]
[EventRounds "11"]
[EventCountry "POL"]
[SourceTitle "EXT 2002"]
[Source "ChessBase"]
[SourceDate "2001.11.25"]
[SourceVersion "1"]
[SourceVersionDate "2001.11.25"]
[SourceQuality "1"]

1. e4 e5 2. Nf3 Nc6 3. Bb5 a6 4. Ba4 Nf6 5. 0-0 Nxe4 6. d4 b5 7. Bb3 Be7 8. Nxe5 Nxe5 9. dxe5 Bb7 10. Bd5 Bxd5 11. Qxd5 Nc5 12. Nc3 0-0 13. Be3 c6 14. Qd2 Qc7 15. Rfe1 Rad8 16. Bf4 Ne6 17. Bg3 d5 18. exd6 Bxd6 19. Bxd6 Rxd6 20. Qe3 Rfd8 21. h3 h6 22. a3 Nd4 23. Qc1 Rg6 24. Kh1 Qd7 25. Qd2 Rd6 26. Rad1 Qf5 27. Ne4 Rd5 28. Qc3 Ne6 29. Rd3 Rxd3 30. cxd3 Qd5 31. Re3 Kh8 32. b4 Nf4 33. Rg3 f6 34. Nxf6 Qf7 35. Rf3 Ne2 36. Qe5 Nd4 37. Rf4 gxf6 38. Rxf6 Qg7 39. Rxh6+ Kg8 40. Rf6 Rf8 41. Rxf8+ Kxf8 42. Qb8+ 1/2-1/2

[Event "POL-chT2"]
[Site "Augustow"]
[Date "1997.??.??"]
[Round "?"]
[White "Ostrowski, Andrzej"]
[Black "Zakonnik, Andrzej"]
[Result "1-0"]
[WhiteElo "2285"]
[BlackElo "2100"]
[PlyCount "20"]
[EventDate "1997.??.??"]
[EventType "team"]
[EventRounds "9"]
[EventCountry "POL"]
[SourceTitle "EXT 2003"]
[Source "ChessBase"]
[SourceDate "2002.11.25"]
[SourceVersion "1"]
[SourceVersionDate "2002.11.25"]
[SourceQuality "1"]

1. d4 Nf6 2. c4 g6 3. Nc3 Bg7 4. e4 d6 5. f3 0-0 6. Be3 Nbd7 7. Qd2 c5 8. Nge2 a6 9. d5 b5 10. cxb5 axb5 1-0

[Event "POL-ch U18"]
[Site "Sopot"]
[Date "1997.??.??"]
[Round "?"]
[White "Stefanek, Piotr"]
[Black "Zakonnik, Andrzej"]
[Result "0-1"]
[WhiteElo "2135"]
[BlackElo "2085"]
[PlyCount "70"]
[EventDate "1997.??.??"]
[EventType "swiss"]
[EventRounds "10"]
[EventCountry "POL"]
[SourceTitle "EXT 2003"]
[Source "ChessBase"]
[SourceDate "2002.11.25"]
[SourceVersion "1"]
[SourceVersionDate "2002.11.25"]
[SourceQuality "1"]

1. e4 c5 2. Nf3 Nc6 3. Bb5 e6 4. 0-0 Nge7 5. b3 Ng6 6. Bb2 f6 7. d4 cxd4 8. Nxd4 Bc5 9. Nxc6 bxc6 10. Bd3 e5 11. Nc3 0-0 12. Na4 Be7 13. Bc4+ Kh8 14. Qd2 d6 15. Rad1 f5 16. f3 Nf4 17. Kh1 fxe4 18. fxe4 Bg4 19. Rde1 Qe8 20. g3 Nh3 21. Be2 Nf2+ 22. Kg1 Nxe4 23. Qe3 Rxf1+ 24. Rxf1 Bxe2 25. Qxe2 Qg6 26. c4 Bf6 27. Nc3 Ng5 28. Rd1 Rd8 29. Qe3 Qf5 30. Ba3 e4 31. Ne2 d5 32. cxd5 cxd5 33. Bc5 d4 34. Qc1 d3 35. Nf4 Rc8 0-1

[Event "POL-chT2 U18"]
[Site "Augustow"]
[Date "1996.??.??"]
[Round "?"]
[White "Zakonnik, Andrzej"]
[Black "Cyborowski, Lukasz"]
[Result "0-1"]
[WhiteElo "2065"]
[BlackElo "2270"]
[PlyCount "70"]
[EventDate "1996.??.??"]
[EventType "team"]
[EventRounds "10"]
[EventCountry "POL"]
[SourceTitle "EXT 2003"]
[Source "ChessBase"]
[SourceDate "2002.11.25"]
[SourceVersion "1"]
[SourceVersionDate "2002.11.25"]
[SourceQuality "1"]

1. e4 d6 2. d4 Nf6 3. Nc3 e5 4. dxe5 dxe5 5. Qxd8+ Kxd8 6. Bg5 Be6 7. 0-0-0+ Nbd7 8. f3 c6 9. Be3 Kc7 10. g4 Bc5 11. Bxc5 Nxc5 12. Nh3 h6 13. Nf2 b5 14. Kb1 Rad8 15. Bd3 h5 16. g5 Nh7 17. Rhg1 Nf8 18. Ne2 Ng6 19. c3 a5 20. Bc2 Bc4 21. Rge1 Bxe2 22. Rxe2 Ne6 23. Nh3 Rxd1+ 24. Bxd1 Nef4 25. Nxf4 Nxf4 26. Rf2 f6 27. gxf6 gxf6 28. h4 Rg8 29. Rh2 Kd6 30. Kc2 Rg1 31. Kd2 c5 32. b3 b4 33. cxb4 cxb4 34. Kc2 Kc5 35. Kd2 Kd4 0-1

[Event "Koszalin op"]
[Site "Koszalin"]
[Date "1996.??.??"]
[Round "9"]
[White "Zakonnik, Andrzej"]
[Black "Jablonska, Hanna"]
[Result "1/2-1/2"]
[WhiteElo "2080"]
[BlackElo "2065"]
[PlyCount "86"]
[EventDate "1996.??.??"]
[EventType "tourn"]
[EventRounds "9"]
[EventCountry "POL"]
[SourceTitle "EXT 1999"]
[Source "ChessBase"]
[SourceDate "1998.11.16"]
[SourceVersion "1"]
[SourceVersionDate "1998.11.16"]
[SourceQuality "1"]

1. e4 c5 2. c3 d5 3. exd5 Qxd5 4. d4 cxd4 5. cxd4 Nf6 6. Nc3 Qd8 7. Bf4 a6 8. Bc4 e6 9. Nf3 Be7 10. 0-0 0-0 11. Ne5 Nbd7 12. Rc1 Nb6 13. Bd3 Nbd5 14. Bg3 Bd7 15. Qb3 Ra7 16. a4 Bc6 17. Nxc6 bxc6 18. Qc4 Qb6 19. b3 Nb4 20. Bb1 Rd8 21. Be5 Ng4 22. Qe2 Nxe5 23. dxe5 Rad7 24. Ne4 Nd5 25. Qc2 g6 26. Qxc6 Qxb3 27. Qxa6 Nb4 28. Qb5 Rd5 29. Qb7 R5d7 30. Rc7 Rd1 31. Bc2 Rxf1+ 32. Kxf1 Qb2 33. g3 Qc1+ 34. Kg2 Nxc2 35. Rxe7 Ne1+ 36. Kg1 Nf3+ 37. Kg2 Qg1+ 38. Kxf3 Rd3+ 39. Kg4 Qd1+ 40. Kh3 Qh5+ 41. Kg2 Qf3+ 42. Kh3 Qf5+ 43. Kg2 Qf3+ 1/2-1/2